Vocabulary Woven into Description 2 - Click Quiz - Statistics

General Stats
  • This quiz has been taken 6 times
  • The average score is 9 of 10
Answer Stats
Hint Answer % Correct
that she did not feel the cares of this (sorrowful) world Dolorous
100%
Then, you'd be surprised at yourself, (unbelieving). Why had you smiled? Incredulous
100%
some (schemes), tricked you in some way. Machinations
100%
When she smiled, you had to (return the favor), feeling happiness bubble up from your heart. Reciprocate
100%
was (capable of being sensed). Tangible
100%
nor that if she did, she would not care to (pretend otherwise). Dissemble
83%
She (treat with radiant energy) one with joy. Irradiated
83%
Her gaiety, (incapable of being expressed in words) as it was, Ineffable
67%
Many couldn't believe she really was insouciant (unconcerned), Insouciant
67%
She must have (worked) Wrought
67%
No matching quizzes found
Score Distribution
Percent of People with Each Score
Percentile by Number Answered
Your Score History
You have not taken this quiz